000 00328nam a2200109Ia 4500
008 171211s9999 xx 000 0 und d
245 _aAdvances in Affective and Pleasurable Design
245 _cCliff Sungsoo Shin and WonJoon Chung
260 _c2016
650 _xDesign
856 _uhttp://down.ebook777.com/062/0471225525.pdf
999 _c347905
_d347905